00356nam a2200109Ia 4500008004100000245012700041260003500168260000900203300001000212500000800222650001600230170224s9999 xx 000 0 und d aOver-reporting bias and the modified Stroop effect in Operation Enduring and Iraqi Freedom veterans with and without PTSD. bJournal of Abnormal Psychology c2014 a123:2 aMay xPsychology.